| Tag |
First Indicator |
Second Indicator |
Subfields |
| LEADER |
00000cam a2200000 a 4500 |
| 001 |
in00001799021 |
| 005 |
20151025123506.0 |
| 008 |
960806s1995 ru a b 000 0brusoc |
| 010 |
|
|
|a 97153336
|
| 020 |
|
|
|a 5210020967
|
| 035 |
|
|
|a (OCoLC)ocm35196203
|
| 040 |
|
|
|a OCl
|c CLE
|d DLC
|d OCL
|d TXA
|d UtOrBLW
|
| 042 |
|
|
|a pcc
|
| 043 |
|
|
|a n-us---
|
| 049 |
|
|
|a TXAM
|
| 050 |
0 |
0 |
|a NC1766.U52
|b D5313 1995
|
| 100 |
1 |
|
|a Asenin, S.
|q (Sergeĭ)
|
| 245 |
1 |
0 |
|a Uolt Disneĭ :
|b taĭny risovannogo kinomira /
|c S. Asenin.
|
| 264 |
|
1 |
|a Moskva :
|b "Iskusstvo",
|c 1995.
|
| 300 |
|
|
|a 318 pages :
|b illustrations (some color) ;
|c 20 cm.
|
| 336 |
|
|
|a text
|b txt
|2 rdacontent
|
| 337 |
|
|
|a unmediated
|b n
|2 rdamedia
|
| 338 |
|
|
|a volume
|b nc
|2 rdacarrier
|
| 504 |
|
|
|a Includes bibliographical references (pages 303-[313]).
|
| 600 |
1 |
0 |
|a Disney, Walt,
|d 1901-1966.
|
| 650 |
|
0 |
|a Animators
|z United States
|v Biography.
|
| 610 |
2 |
0 |
|a Walt Disney Productions.
|
| 948 |
|
|
|a cataloged
|b h
|c 2003/11/5
|d c
|e tchubaryan
|f 11:01:10 am
|
| 994 |
|
|
|a E0
|b TXA
|
| 999 |
|
|
|a MARS
|
| 999 |
f |
f |
|s 00576d08-0c45-3c2d-bcda-569165fb1bc2
|i b1454f1d-31e6-3156-8a24-c6e152379815
|t 0
|
| 952 |
f |
f |
|p normal
|a Texas A&M University
|b College Station
|c Sterling C. Evans Library
|d Evans: Library Stacks
|t 0
|e NC1766.U52 D5313 1995
|h Library of Congress classification
|i unmediated -- volume
|m A14830742647
|
| 998 |
f |
f |
|a NC1766.U52 D5313 1995
|t 0
|l Evans: Library Stacks
|